Rozpoznaj najpopularniejsze grzyby jadalne i trujące - Statystyki

Ogólne statystyki
  • Ten quiz został rozwiązany 171 razy
  • Średni wynik to 7 z 17
Statystyki odpowiedzi
Obrazkowy Odpowiedź % Poprawnych
Muchomor czerwony
99%
Podgrzybek
85%
Prawdziwek
79%
Maślak
77%
Czubajka kania
64%
Pieprznik jadalny
61%
Pieczarka
54%
Borowik szlachetny
53%
Koźlarz czerwony
47%
Opieńka
41%
Rydz
25%
Muchomor sromotnikowy
23%
Goryczak
9%
Sromotnik
9%
Tęgoskór
6%
Olszówka
4%
Żagiew
0%
Nie znaleziono quizów pasujących do podanych kryteriów
Rozkład punktacji
Procent ludzi z każdym wynikiem
Percentyl według liczby udzielonych odpowiedzi
Twoja historia wyników
Nie rozwiązałeś tego quizu